Responses for show #2350 - Friday, November 18, 1994

1994 Tournament of Champions quarterfinal game 5.

Contestants

David Venderbush, an attorney from Los Angeles, California

Brian Moore, a Ph.D. candidate originally from Pearland, Texas

Steve Chernicoff, a technical writer from Berkeley, California

Jeopardy! Round responses

THE 1920S
POP MUSIC
FASHION
MAMMALS
BUSINESS & INDUSTRY
HOMOPHONES
    $100 10
League of Nations

David
    $100 4
Ringo Starr

Steve
    $100 26
Windbreaker

David
    $100 1
Camels

Steve
    $100 16
Tobacco

Brian
    $100 18
Fir/Fur

Brian
    $200 12
The Badlands

Steve
    $200 6
Bruce Springsteen

Brian
    $200 27
Negligee

Steve
    $200 2
Cheetah

Steve
    $200 17
Sam Walton

Steve
    $200 19
Hale/Hail

Brian
    $300 13
Pancho Villa

Brian
    $300 8
"Purple Rain"

Brian
    $300 28
a cummerbund

Steve
    $300 3
Timberwolf

David
    $300 23
Union Pacific

Steve
    $300 20
Cast/Caste

Brian
    $400 14
Alexander Fleming

Brian
    $400 9
The Supremes

Steve
    $400 29
Corset

Brian
    $400 5
Duck-Billed Platypus

David
    $400 24
Volvo

Steve
    $400 21
Quay/Key

Steve
    $1,700 15
Chiang Kai-shek

Brian
    $500 11
"Rocket Man"

Brian
    $500 30
Halston

Brian
    $500 7
Baboon

Triple Stumper
    $500 25
Tyson Foods

Steve
    $500 22
Po/Poe

Steve

Scores at the first commercial break (after clue 15):

Steve Brian David
$1,000 $3,400 $800

Scores at the end of the Jeopardy! Round:

Steve Brian David
$3,800 $5,000 $900

Double Jeopardy! Round responses

THE CIVIL WAR
ART & ARTISTS
EDUCATION
NOVEL CHARACTERS
HISTORIC NAMES
THE "M"EDITERRANEAN
    $200 9
(B: What is a purple heart?)

Congressional Medal of Honor

BrianDavid
    $200 1
Napoleon Bonaparte

Brian
    $200 19
(Alex: "Pea green with envy.")

green

Steve
    $200 24
Ronald Reagan

Steve
    $200 2
Marseilles

Steve
    $400 10
Firing the First Shot from the South

Brian
    $400 5
Sancho Panza

Steve
    $400 20
Meg

Brian
    $400 25
Golda Meir

Steve
    $400 3
Morocco

Steve
    $600 11
(B: What are brown shirts?)

Red Shirts

SteveBrian
    $600 8
Edvard Munch

Steve
    $600 16
William McGuffey

David
    $600 21
"Animal Farm"

David
    $3,000 26
(A: Is that a guess?)
(S: Yes.)
(A: Good guess...right! - you're honest)

John Smith

Steve
    $600 4
Malta

Brian
    $800 12
(D: What is the Confederate States Military College?)

Confederate States Marine Corps

BrianDavid
    $3,000 14
(B: Who is Grandma Moses?)

Henri Rousseau

Brian
    $800 17
"Civil Disobedience"

Steve
    $800 22
(S: What is Penrose?)
(A: You were so close...)
(D: Who is Alice Adams?)

Penrod

SteveDavid
Triple Stumper
    $800 27
(buzzer sounds)

Edmond Halley

David
    $800 6
Monte Cristo

Brian
    $1000 13
Copperheads

Triple Stumper
    $1000 15
Mary Cassatt

Brian
    $1000 18
(S: Who is Dewey?)
(D: Who is James?)

George Santayana

SteveDavid
Triple Stumper
    $1000 23
(We have less than a minute to go...)

George Eliot

Steve
    $1000 7
(flows into the south of France)

Mistral

Triple Stumper

Scores at the end of the Double Jeopardy! Round:

Steve Brian David
$9,800 $5,400 $500

Final Jeopardy! Round responses

OPERA
DavidWhat is Rigoletto?
$499
BrianWhat is Falstaff?
$5,400
SteveWhat is Falstaff?
$1,001
"Falstaff"

Final scores:

Steve Brian David
$10,801 $10,800 $1
Automatic semifinalist 2nd place: $1,000 if eliminated 3rd place: $1,000 if eliminated

Game dynamics:

Coryat scores:

Steve Brian David
$7,400 $7,200 $500
24 R
(including 1 DD),
2 W
19 R
(including 1 DD),
3 W
(including 1 DD)
8 R,
3 W

Combined Coryat: $15,100

The J! Archive is created by fans, for fans. The Jeopardy! game show and all elements thereof, including but not limited to copyright and trademark thereto, are the property of Jeopardy Productions, Inc. and are protected under law. This website is not affiliated with, sponsored by, or operated by Jeopardy Productions, Inc. Join the discussion at JBoard.tv.